The Politics of the real world : (Record no. 5243)
[ view plain ]
| 000 -LEADER | |
|---|---|
| fixed length control field | 00861nam a22002412 4500 |
| 001 - CONTROL NUMBER | |
| control field | 0000001412 |
| 005 - DATE AND TIME OF LATEST TRANSACTION | |
| control field | 20151217151816.0 |
| 008 - FIXED-LENGTH DATA ELEMENTS--GENERAL INFORMATION | |
| fixed length control field | 070308s xx 000 0 eng d |
| 020 ## - INTERNATIONAL STANDARD BOOK NUMBER | |
| International Standard Book Number | 1853833509 : |
| Terms of availability | GBP 6.99 |
| 040 ## - CATALOGING SOURCE | |
| Original cataloging agency | KABU |
| Transcribing agency | KABU |
| 050 #0 - LIBRARY OF CONGRESS CALL NUMBER | |
| Classification number | HC79 |
| Item number | .E5J33 |
| 100 1# - MAIN ENTRY--PERSONAL NAME | |
| Personal name | Jacobs, Michael. |
| -- | 0000150128 |
| 245 14 - TITLE STATEMENT | |
| Title | The Politics of the real world : |
| Remainder of title | meeting the new century / |
| Statement of responsibility, etc. | Michael Jacobs; written and edited for the Real World Coalition. |
| 260 ## - PUBLICATION, DISTRIBUTION, ETC. (IMPRINT) | |
| Place of publication, distribution, etc. | London : |
| Name of publisher, distributor, etc. | Earthscan, |
| Date of publication, distribution, etc. | 1996. |
| 300 ## - PHYSICAL DESCRIPTION | |
| Extent | xiv, 146 p. ; |
| Dimensions | 20 cm. |
| 650 #0 - SUBJECT ADDED ENTRY--TOPICAL TERM | |
| Topical term or geographic name as entry element | Sustainable development. |
| -- | 0000150129 |
| 651 #0 - SUBJECT ADDED ENTRY--GEOGRAPHIC NAME | |
| Geographic name | Great Britain |
| General subdivision | Economic policy |
| Chronological subdivision | 1979-1997. |
| -- | 0000150130 |
| 651 #0 - SUBJECT ADDED ENTRY--GEOGRAPHIC NAME | |
| Geographic name | Great Britain |
| General subdivision | Social policy |
| Chronological subdivision | 1979-. |
| -- | 0000150131 |
| 710 2# - ADDED ENTRY--CORPORATE NAME | |
| Corporate name or jurisdiction name as entry element | Real World Coalition. |
| -- | 0000150132 |
| 908 ## - PUT COMMAND PARAMETER (RLIN) | |
| Put command parameter | 070308 |
| 950 ## - LOCAL HOLDINGS (RLIN) | |
| -- | 1 |
| Withdrawn status | Lost status | Source of classification or shelving scheme | Not for loan | Home library | Current library | Date acquired | Total Checkouts | Full call number | Barcode | Date last seen | Price effective from | Koha item type |
|---|---|---|---|---|---|---|---|---|---|---|---|---|
| Library of Congress Classification | Kabarak, Main Campus | Kabarak, Main Campus | 17/12/2015 | HC79 .E5J33 | 001254 | 02/08/2024 | 17/12/2015 | General Collection |